000 00960nam a2200229Ia 4500
999 _c37547
_d37547
001 3513
003 GE_BSU
005 20190620160005.0
008 181216s1987||||ge |||||||||||||| ||geo||
040 _cGE_BSU
041 _ageo
080 _a547(075.8) გ–13
100 _aგაბრიაძე, დ.
_91876
245 _aორგანული ქიმია :
_b ნ. 2 : კარბოციკლური და ჰეტეროციკლური ნაერთები /
_cრედ. შ. მიქაძე.
264 _aთბილისი :
_bგანათლება,
_c1987.
300 _a446 გვ.
_b22 სმ.
653 _aორგანული ქიმია.
653 _aკარბოციკლური ნაერთები
653 _aჰეტეროციკლური ნაერთები
700 _aმიქაძე, შ.
_eრედაქტორი
_91877
942 _cBK
_2udc